Výberové zisťovanie výsledkov hospodárenia v Informačnej sieti poľnohospodárskeho účtovníctva SR - FADN SR za rok 2004

Salvato in:
Dettagli Bibliografici
Natura: Libro
Lingua:slovacco
Pubblicazione: Bratislava Výskumný ústav ekonomiky poľnohospodárstva a potravinárstva 2005
Soggetti:
Tags: Aggiungi Tag
Nessun Tag, puoi essere il primo ad aggiungerne!!

MARC

LEADER 00000nam$a2200000$$$4500
001 0050613
005 20240318130047.6
020 |a 80-8058-395-1 
041 0 |a slo 
044 |a SK 
245 1 0 |a Výberové zisťovanie výsledkov hospodárenia v Informačnej sieti poľnohospodárskeho účtovníctva SR - FADN SR za rok 2004 
264 1 |a Bratislava  |b Výskumný ústav ekonomiky poľnohospodárstva a potravinárstva  |c 2005 
300 |a 249 s. 
610 2 0 |a poľnohospodárstvo 
610 2 0 |a výsledok hospodársky 
610 2 0 |a zisťovanie výberové 
610 2 0 |a účtovníctvo 
610 2 0 |a spracovanie dát 
610 2 0 |a kategórie ekonomické 
610 2 0 |a analýzy 
610 2 0 |a zisk 
610 2 0 |a podnik 
610 2 0 |a metodika 
610 2 0 |a osoby právnické 
610 2 0 |a osoby fyzické 
610 2 0 |a pôda poľnohospodárska 
610 2 0 |a typológia 
610 2 0 |a výroba 
610 2 0 |a Slovensko 
610 2 0 |a 2004